00000000nam##2200000za#4500
0019.573285
003CaOODSP
00520210624183629
007cr |||||||||||
008150406|2005||||xxc|||||o    f|0| 0 eng|d
040 |aCaOODSP|beng
043 |an-cn---
0861 |aBT31-4/89-2005E-PDF
1101 |aCanada. |bTreasury Board.
24510|aIndian Residential Schools Resolution Canada, 2004-2005 departmental performance report |h[electronic resource]
260 |aOttawa - Ontario : |bTreasury Board of Canada Secretariat |c[2005].
300 |a33p.|borganization chart, tables, photographs
4901 |aPerformance report for the period ending March 31, 2005
590 |a12-07-Supp|b2012-03-09
7102 |aIndian Residential Schools Resolution Canada.
77508|tRésolution des questions des pensionnats indiens Canada - 2004-2005 rapport ministériel sur le rendement |w(CaOODSP)9.603494
7760#|tIndian Residential Schools Resolution Canada |w(CaOODSP)9.541886
7760#|tRésolution des questions des pensionnats indiens Canada |w(CaOODSP)9.541887
830#0|aPerformance report for the period ending March 31, 2005.|w(CaOODSP)9.506266
85640|ahttp://publications.gc.ca|qPDF|s109 KB|uhttps://publications.gc.ca/collections/collection_2012/sct-tbs/BT31-4-89-2005-eng.pdf